| 000 | 01269nam a2200289 4500 | ||
|---|---|---|---|
| 001 | 46968 | ||
| 003 | BD-RjUL | ||
| 005 | 20211209054235.0 | ||
| 008 | 160806s1965 pk ||||| |||| 00| 0 ben d | ||
| 020 | _c: PRs 4.00 | ||
| 035 | _a(BD-RjUL)47087 | ||
| 040 |
_aBD-RjUL _bben _cBD-RjUL |
||
| 041 | _aben | ||
| 082 |
_223 _a891.441029763 _bSAH 1965 |
||
| 110 | 1 |
_aইসলামিক একাডেমী, ঢাকা _9238704 |
|
| 245 | 1 | 0 |
_aছহি বড় রহমতে আলম, বা, হজরত মোহাম্মদ মোস্তফার (দঃ) জীবন কথা / _cইসলামিক একাডেমী, ঢাকা |
| 250 | _a১ম সং. | ||
| 260 |
_aঢাকা : _bইসলামিক একাডেমী, _c১৯৬৫ |
||
| 300 |
_a[৮], ২১৪ পৃ. ; _c২৪ সেমি. |
||
| 600 |
_aহযরত মুহাম্মদ (সঃ), _d৫৭০-৬৩২ _xজীবনী _9238714 |
||
| 600 |
_aHazarat Muhammad (sm:), _d570-632 _xBiography _9238715 |
||
| 650 |
_aবাংলা কবিতা _9238707 |
||
| 650 |
_aBengali Poetry _9238708 |
||
| 650 |
_aবাংল পুঁথি-সাহিত্য _9146860 |
||
| 650 |
_aBengali Booklet-Literature _9238709 |
||
| 942 |
_2ddc _cBK |
||
| 999 |
_c46968 _d46968 |
||